00000000nam 2200000zi 4500
0019.947349
003CaOODSP
00520250124132631
006m     o  d f      
007cr mn|||||||||
008250124s1946    onc     o    f000 0 fre d
040 |aCaOODSP|bfre|erda|cCaOODSP
043 |an-cn---
0861 |aZ1-1946/3-1F-PDF
1101 |aCanada. |bCommission royale pour enquêter sur les faits intéressants et les circonstances entourant la communication par des fonctionnaires publics et autres personnes occupant des postes de confiance, de renseignements secrets et confidentiels aux agents d'une puissance étrangère, |eauteur, |eorganisme de publication
24510|aDocuments relatifs aux délibérations de la Commission royale établie par arrêté en conseil, C.P. 411 du 5 février 1946.
264 1|aOttawa : |bEdmond Cloutier, imprimeur de Sa Très Excellente Majesté le Roi, |c1946.
300 |a1 ressource en ligne (14 pages)
336 |atexte|btxt|2rdacontent/fre
337 |ainformatique|bc|2rdamedia/fre
338 |aressource en ligne|bcr|2rdacarrier/fre
500 |aPublié aussi en anglais sous le titre : Documents relating to the proceedings of the Royal Commission established by Order in Council, P.C. 411 of February 5, 1946.
500 |aLa numérotation des pages commence à la page 5.
500 |a« Le 13 mars 1946. »
500 |a« Respectueusement soumis, Robert Taschereau, commissaire royal; R.L. Kellock, commissaire royal » -- Page 14.
500 |aÉdition numérisée de l'imprimée [par Direction des publications du gouvernement du Canada].
650 6|aEspionnage soviétique|zCanada.
650 6|aAffaire Gouzenko, Canada, 1945-1946.
650 6|aSecrets d'État|zCanada.
7001 |aTaschereau, Robert, |q1896-
7001 |aKellock, Roy Lindsay, |d1893-
77508|tDocuments relating to the proceedings of the Royal Commission established by Order in Council, P.C. 411 of February 5, 1946.|w(CaOODSP)9.947347
85640|qPDF|s946 Ko|uhttps://publications.gc.ca/collections/collection_2025/bcp-pco/Z1-1946-3-1-fra.pdf